| 000 | 00000nam 2200000zi 4500 |
| 001 | 9.919686 |
| 003 | CaOODSP |
| 005 | 20230601074244 |
| 006 | m o d f |
| 007 | cr |n||||||||| |
| 008 | 230201e202302##onc ob f100 0 eng d |
| 020 | |a9780660473857 |
| 040 | |aCaOODSP|beng|erda|cCaOODSP |
| 043 | |an-cn-bc |
| 086 | 1 |aFs70-4/2023-009E-PDF |
| 245 | 00|aProceedings of the Pacific regional peer review on a revised operating model for sablefish in British Columbia in 2022, November 15-16, 2022, virtual meeting / |cchairperson: Steve Schut; editor: Yvonne Muirhead-Vert. |
| 264 | 1|aOttawa ON : |bCanadian Science Advisory Secretariat (CSAS), |cFebruary 2023. |
| 264 | 4|c©2023 |
| 300 | |a1 online resource (iv, 26 pages). |
| 336 | |atext|btxt|2rdacontent |
| 337 | |acomputer|bc|2rdamedia |
| 338 | |aonline resource|bcr|2rdacarrier |
| 490 | 1 |aProceedings series, |x1701-1280 ; |v2023/009 |
| 500 | |aIssued also in French under title: : Compte rendu de l'examen par les pairs d'un modèle opérationnel révisé pour la morue charbonnière en Colombie-Britannique en 2022 du 15 au 16 novembre 2022. |
| 504 | |aIncludes bibliographical references. |
| 650 | 0|aSablefish fisheries|zBritish Columbia|zPacific Coast|xManagement|vCongresses. |
| 650 | 0|aFish stock assessment|zBritish Columbia|zPacific Coast|vCongresses. |
| 655 | 7|aConference papers and proceedings|2lcgft |
| 700 | 1 |aSchut, Steve. |
| 710 | 2 |aCanadian Science Advisory Secretariat, |eissuing body. |
| 710 | 1 |aCanada. |bDepartment of Fisheries and Oceans. |bPacific Region, |eissuing body. |
| 775 | 08|tCompte rendu de l'examen par les pairs d'un modèle opérationnel révisé pour la morue charbonnière en Colombie-Britannique en 2022 du 15 au 16 novembre 2022, réunion virtuelle / |w(CaOODSP)9.919687 |
| 830 | #0|aProceedings series (Canadian Science Advisory Secretariat)|v2023/009.|w(CaOODSP)9.506483 |
| 856 | 40|qPDF|s472 KB|uhttps://publications.gc.ca/collections/collection_2023/mpo-dfo/fs70-4/Fs70-4-2023-009-eng.pdf |